000 00671nam a2200241Ia 4500
003 OSt
005 20220924125311.0
006 a|||||r|||| 00| 0
007 ta
008 220923b |||||||| |||| 00| 0 tel d
020 _aRs
024 _a340906
037 _cTextual
040 _aARTS
_cARTS
_btel
041 _2tel
_atel
082 _aO35,1N08,1, J8
100 _aSahadeva Surya Prakasa Rao Au.
_9198039
245 0 _aMunimaapu
260 _aRajamahendravaram
_bRajan Electric Press India
_c1968
650 _aTELUGU LITERATURE
942 _hO35,1N08,1, J8
_cTEXL
_2CC
999 _c422379
_d422379